NBA Top 10 Hothead Players All-Time - Statistics

General Stats
  • This quiz has been taken 260 times
  • The average score is 4 of 11
Answer Stats
Player % Correct
Dennis Rodman
81%
Rasheed Wallace
80%
Ron Artest
68%
Isiah Thomas
48%
Charles Barkley
42%
DeMarcus Cousins
28%
Gary Payton
21%
Rajon Rondo
12%
Latrell Sprewell
11%
John Starks
10%
Vernon Maxwell
6%
No matching quizzes found
Score Distribution
Percent of People with Each Score
Percentile by Number Answered
Your Score History
You have not taken this quiz